000 00490nam a22001457a 4500
999 _c7988
_d7989
008 190618b ||||| |||| 00| 0 eng d
020 _a9789998085909
082 _a954.84 T628g 2019
100 _aTobgay, Sonam
245 _aGolden Jubilee Celebrations:
_bThe Establishment of Formal Diplomatic Relations between Bhutan and India.(1968-2018).
260 _aThimphu ;
_bNational Organizing Committee
_c2019.
300 _a218 p.
_bill.
_c26 cm.
650 _aSpecial Collection
942 _2ddc